পূর্ব বাঙলায় চিন্তাচর্চা : (Record no. 1447)
[ view plain ]
| 000 -LEADER | |
|---|---|
| fixed length control field | 00838nam a22002297a 4500 |
| 001 - CONTROL NUMBER | |
| JCCL Control Number | 1447 |
| 003 - CONTROL NUMBER IDENTIFIER | |
| JCCL marc code | BD-JhCC |
| 005 - DATE AND TIME OF LATEST TRANSACTION | |
| control field | 20171019164035.0 |
| 008 - FIXED-LENGTH DATA ELEMENTS--GENERAL INFORMATION | |
| fixed length control field | 171019s2007 bg |||| ||a| 00| 0 ben d |
| 020 ## - INTERNATIONAL STANDARD BOOK NUMBER | |
| International Standard Book Number | 9844042798 |
| 035 ## - SYSTEM CONTROL NUMBER | |
| system control number | (BD-JhCC)1447 |
| 040 ## - CATALOGING SOURCE | |
| Original cataloging agency | BD-JhCC |
| Modifying agency | BD-JhCC |
| 041 ## - LANGUAGE CODE | |
| Language code of Book | ben |
| 082 ## - DEWEY DECIMAL CLASSIFICATION NUMBER | |
| Classification number | 954.140359 |
| Author mark and Year | HAS 2007 |
| 100 ## - MAIN ENTRY--PERSONAL NAME | |
| Personal name | হাসান, মোরশেদ শফিউল |
| 245 ## - TITLE STATEMENT | |
| Title | পূর্ব বাঙলায় চিন্তাচর্চা : |
| Remainder of title | ১৯৪৭-১৯৭০ দ্বন্দ্ব ও প্রতিক্রিয়া / |
| Statement of responsibility, etc | মোরশেদ শফিউল হাসান |
| 260 ## - PUBLICATION, DISTRIBUTION, ETC. (IMPRINT) | |
| Place of publication, distribution, etc | ঢাকা : |
| Name of publisher, distributor, etc | অনুপম প্রকাশনী, |
| Date of publication, distribution, etc | 2007. |
| 300 ## - PHYSICAL DESCRIPTION | |
| Pagination | 1031 p. : |
| Dimensions | 22 cm. |
| 650 ## - SUBJECT ADDED ENTRY--TOPICAL TERM | |
| Topical term or geographic name as entry element | History and criticism |
| Geographic subdivision | Bangladesh |
| 942 ## - ADDED ENTRY ELEMENTS (KOHA) | |
| Source of classification or shelving scheme | Dewey Decimal Classification |
| Koha item type | Books |
| Source of classification or shelving scheme | Damaged status | Not for loan | Home library | Current library | Date of accession | Cost, normal purchase price | Total Checkouts | Full call number | Barcode | Date last seen | Copy number | Koha item type |
|---|---|---|---|---|---|---|---|---|---|---|---|---|
| Dewey Decimal Classification | JCC Rouf Library | JCC Rouf Library | 10/19/2017 | 700.00 | 954.140359 HAS 2007 | 2529 | 10/19/2017 | C-1 | Books | |||
| Dewey Decimal Classification | JCC Rouf Library | JCC Rouf Library | 10/19/2017 | 700.00 | 954.140359 HAS 2007 | 2528 | 10/19/2017 | C-2 | Books |